00598nam a2200205Ia 450000500170000000800410001702000180005804000190007604100120009508200160010710000180012324500400014126000480018130000230022944000250025250400500027765000220032765100330034985000100038220230703095015.0131103s9999 xx 000 0 und d aSBN 416297803 aLoreto College aEnglish a944.04bSYD aSydenham,M.J. 4aThe French revolutioncM.J.Sydenham aLondonbMethuen & Co.c1965 (1969 printing) a255 p.b ill.,maps aUniversity Paperback aIncludes bibliographical references and index aFrench Revolution aFrance - History,1789 - 1804 aLCLIB